|
|
|
|
| LEADER |
00000naa2a2200000 4500 |
| 001 |
434315 |
| 005 |
20231101075918.0 |
| 035 |
|
|
|a (RuTPU)RU\TPU\prd\95285
|
| 035 |
|
|
|a RU\TPU\tpu\673
|
| 090 |
|
|
|a 434315
|
| 100 |
|
|
|a 20110118b1958 k y0rusy50 ca
|
| 101 |
0 |
|
|a rus
|
| 102 |
|
|
|a RU
|
| 200 |
1 |
|
|a Диэлектрические свойства термореактивных компаундов
|f А. А. Воробьев
|
| 320 |
|
|
|a Библиогр.: 5 назв.
|
| 461 |
|
0 |
|0 (RuTPU)RU\TPU\prd\605
|t Вестник электропромышленности
|o научно-технический и производственный журнал
|f СССР, Государственный комитет по координации научно-исследовательских работ
|d 1930-1963
|
| 463 |
|
0 |
|0 (RuTPU)RU\TPU\prd\95284
|t № 11
|v С. 39-41
|d 1958
|
| 610 |
1 |
|
|a физика
|
| 610 |
1 |
|
|a труды учёных ТПУ
|
| 700 |
|
1 |
|a Воробьев
|b А. А.
|c российский физик
|c ректор Томского политехнического института, профессор
|f 1909-1981
|g Александр Акимович
|2 stltpush
|3 (RuTPU)RU\TPU\pers\12805
|4 070
|
| 801 |
|
0 |
|a RU
|b 63413507
|c 20011210
|g PSBO
|
| 801 |
|
2 |
|a RU
|b 63413507
|c 20140710
|g PSBO
|
| 942 |
|
|
|c BK
|